Catálogo

LA VENTA CREATIVA (Registro nro. 56154)

Detalles MARC
000 -LEADER
fixed length control field 00881nam a2200217 a 4500
001 - CONTROL NUMBER
control field 56154
005 - DATE AND TIME OF LATEST TRANSACTION
control field 20180714051802.0
008 - FIXED-LENGTH DATA ELEMENTS--GENERAL INFORMATION
fixed length control field 140415s1992 sp 000 0 spa d
020 ## - INTERNATIONAL STANDARD BOOK NUMBER
International Standard Book Number 8479780274
041 ## - LANGUAGE CODE
Language code of text/sound track or separate title spa
082 ## - DEWEY DECIMAL CLASSIFICATION NUMBER
Classification number 658.85
Item number KOS
100 1# - MAIN ENTRY--PERSONAL NAME
Personal name KOSSEN, STAN
245 13 - TITLE STATEMENT
Title LA VENTA CREATIVA
250 ## - EDITION STATEMENT
Edition statement 1a ed.
260 ## - PUBLICATION, DISTRIBUTION, ETC.
Place of publication, distribution, etc. ESPAÑA :
Name of publisher, distributor, etc. DIAZ DE SANTOS,
Date of publication, distribution, etc. 1992
300 ## - PHYSICAL DESCRIPTION
Extent 568
Dimensions 15 x 2.8 x 21.5
520 ## - SUMMARY, ETC.
Summary, etc. VENDER EN EL ENTORNO ACTUAL SIGUE CAMBIANDO SUSTANCIALMENTE. LA COMPETITIVIDAD ES MUY FUERTE. MUCHOS PRODUCTOS TIENEN UNA TECNICA PRECISA. LOS VENDEDORES DE HOY HAN DE TENER UNA MENTE IMAGINATIVA Y CREADORA PRA PODER COMPETIR EFICAZMENTE CON LAS OTRAS MUCHAS EMPRESAS QUE PERSIGUEN A LOS MISMO CLIENTES.
650 14 - SUBJECT ADDED ENTRY--TOPICAL TERM
Topical term or geographic name entry element VENTAS
General subdivision VENTAS DIRECCION Y ADMINISTRACION
700 1# - ADDED ENTRY--PERSONAL NAME
Personal name PEÑA CALVO, ALICIA
Relator term tr.
740 ## - ADDED ENTRY--UNCONTROLLED RELATED/ANALYTICAL TITLE
Uncontrolled related/analytical title CREATIVE SELKING TODAY
Existencias
Withdrawn status Lost status Source of classification or shelving scheme Damaged status Not for loan Collection code Home library Current library Shelving location Date acquired Source of acquisition Inventory number Total Checkouts Full call number Barcode Date last seen Date last checked out Price effective from Koha item type
    Dewey Decimal Classification     General Biblioteca Karol Wojtyla Biblioteca Karol Wojtyla Sala general 03/12/2013 Compra 151000000000000000030098 2 658.85 KOS 84605 05/01/2026 22/03/2019 03/12/2013 Libro
    Dewey Decimal Classification     General Biblioteca Karol Wojtyla Biblioteca Karol Wojtyla Sala general 03/12/2013 Compra 151000000000000000030095   658.85 KOS 84602 05/01/2026 03/03/2015 03/12/2013 Libro
    Dewey Decimal Classification     General Biblioteca Karol Wojtyla Biblioteca Karol Wojtyla Sala general 03/12/2013 Compra 151000000000000000030096   658.85 KOS 84603 05/01/2026   03/12/2013 Libro
    Dewey Decimal Classification     General Biblioteca Karol Wojtyla Biblioteca Karol Wojtyla Sala general 03/12/2013 Compra 151000000000000000030097   658.85 KOS 84604 05/01/2026 28/09/2016 03/12/2013 Libro